000 00791pam a2200229 a 4500
001 3450874
005 20180110073308.0
008 920903s1993 nyua b 001 0 eng
010 _a 92032416
020 _a0675221609 (casebound)
040 _aDLC
_cDLC
_dDLC
041 _aeng
080 _a616.855061 GOL
082 0 0 _a616.855061 GOL
_220
100 1 _a3
101 _aSHM
245 1 0 _aClinical intervention :
_cStanley A. Goldberg.
504 _aIncludes bibliographical references (p. 303-312) and index.
906 _a7
_bcbc
_corignew
_d1
_eocip
_f19
_gy-gencatlg
942 _2ddc
_cBK
999 _c39999
_d39999